000 00593cam a22002053a 4500
001 39735
003 PGUSA
005 20140828083903.0
008 120519s2012||||xxu|||||s|||||000 | eng d
040 _aPGUSA
_beng
042 _adc
100 1 _aLin-le
245 1 0 _aTi-Ping Tien-Kwoh :
_bThe History of the Ti-Ping Revolution (Volume II)
_h[electronic resource] /
_cLin-le
260 _bProject Gutenberg,
_c2012
506 _aPublic domain in the USA.
516 _aElectronic text
830 0 _aProject Gutenberg
_v39735
856 4 0 _uhttp://www.gutenberg.org/ebooks/39735
942 _cEB
999 _c268988
_d268988